000 00569nam a2200193Ia 4500
005 20250326141740.0
008 250326s9999 xx 000 0 und d
020 _a81-224-0287-9
037 _aTextbook
040 _aFMSL
_beng
_cFMSL
041 _aeng
_2eng
084 _aX:9.44 N0
_qFMSL
100 _aAkhilesh K B
_9496698
245 0 _aHuman resources management 200 Indian perspective
_cAkhilesh K B; Nagaraj D R
260 _aNew Delhi
_bNew Delhi, Wiley Eastern
_c1990
300 _a305p
942 _cTB
_hX:9.44 N0
999 _c1291788
_d1291788